Представление документа в формате RUSMARC

ПолеНазваниеЗначение
  Тип записи a
  Библиографический уровень m
001 Контрольный номер RU/SLIB/B/208779722
005 Дата корректировки 20260203161627.8
010 Индекс ISBN __
a ISBN 5-222-05132-3
d Цена 66-00
101 Язык документа 0_
a Язык текста rus
c Язык оригинала rus
200 Заглавие и сведения об ответственности 1_
a Заглавие В [брак] бизнес по расчету
e Сведения, относящиеся к заглавию основы маркетинга, МЛМ и НЛП
f Первые сведения об ответственности С. К. Лапп
b Общее обозначение материала Текст
210 Выходные данные 1_
a Место издания Ростов н/Д
c Издательство Феникс
d Дата издания 2004
215 Физическое описание __
a Объем 212 с.
225 Серия 2_
a Серия Психология бизнеса
330 Аннотация __
a Аннотация Книга посвящена маркетингу малого и очень малого бизнеса.
606 Тематические рубрики __
a Основная рубрика Психология
2 Код системы nlr_sh
606 Тематические рубрики __
a Основная рубрика Социальная психология
2 Код системы nlr_sh
610 Ключевые слова 0_
a Ключевые слова малые предприятия; прямой маркетинг; товары; многоуровневый маркетинг; психология бизнеса; предпринимательство; психология предпринимательства; малое предпринимательство; переговоры
610 Ключевые слова 0_
a Ключевые слова психология маркетинга
610 Ключевые слова 0_
a Ключевые слова сетевой маркетинг
686 Индексы других классификаций __
a Классификационный индекс 88.571.5
2 Код системы rubbks
700 Автор _1
a Фамилия Лапп
b Имя С. К.
4 Код отношения 070
801 Источник записи _0
a Страна RU
b Организация Муниципальное бюджетное учреждение культуры "Централизованная библиотечная система" г. Сургут (Центральная городская библиотека им. А. С. Пушкина)
g Правила каталогизации PSBO
801 Источник записи _1
a Страна RU
b Организация Муниципальное бюджетное учреждение культуры "Централизованная библиотечная система" г. Сургут (Центральная городская библиотека им. А. С. Пушкина)
g Правила каталогизации PSBO
852 Данные о местонахождении __
j Шифр хранения 88.571.5
c Каталожный индекс 88.5 ; 65.290-2
i Авторский знак Л 24
901 Тип документа __
t Тип документа m
a Ответственный КиК/Котельникова
901 Тип документа __
a Ответственный рекл26
903 Характеристики (МАРС) __
a Дата передачи 20060227; 20051117
c Наименование библиотеки (МАРС) Муниципальное бюджетное учреждение культуры "Централизованная библиотечная система" г. Сургут (Центральная городская библиотека им. А. С. Пушкина)
990 Данные о заказе (DOS) __
j Количество экземпляров (DOS) 3
t N записи в КСУ для И/У (DOS) 200603; 200511